MARC details
| 000 -LEADER |
| fixed length control field |
03097cam a2200433Ia 4500 |
| 001 - CONTROL NUMBER |
| control field |
ocn320776309 |
| 003 - CONTROL NUMBER IDENTIFIER |
| control field |
OCoLC |
| 005 - DATE AND TIME OF LATEST TRANSACTION |
| control field |
20210303085315.0 |
| 006 - FIXED-LENGTH DATA ELEMENTS--ADDITIONAL MATERIAL CHARACTERISTICS |
| fixed length control field |
m d |
| 007 - PHYSICAL DESCRIPTION FIXED FIELD--GENERAL INFORMATION |
| fixed length control field |
cr un||||||||| |
| 008 - FIXED-LENGTH DATA ELEMENTS--GENERAL INFORMATION |
| fixed length control field |
090511s2008 enka ob 000 0 eng d |
| 020 ## - INTERNATIONAL STANDARD BOOK NUMBER |
| International Standard Book Number |
9781848551619 (electronic bk.) : |
| Terms of availability |
£64.95 ; € 97.95 ; $124.95 |
| 020 ## - INTERNATIONAL STANDARD BOOK NUMBER |
| International Standard Book Number |
1848551614 (electronic bk.) : |
| Terms of availability |
£64.95 ; € 97.95 ; $124.95 |
| 020 ## - INTERNATIONAL STANDARD BOOK NUMBER |
| Canceled/invalid ISBN |
9781848551602 (hbk.) |
| 020 ## - INTERNATIONAL STANDARD BOOK NUMBER |
| Canceled/invalid ISBN |
1848551606 (hbk.) |
| 040 ## - CATALOGING SOURCE |
| Original cataloging agency |
VVL |
| Language of cataloging |
eng |
| Transcribing agency |
VVL |
| Modifying agency |
UBY |
| -- |
CUS |
| -- |
UV0 |
| -- |
ZJC |
| 050 14 - LIBRARY OF CONGRESS CALL NUMBER |
| Classification number |
RA425 |
| Item number |
.C37 2008 |
| 072 #7 - SUBJECT CATEGORY CODE |
| Subject category code |
MBP |
| Source |
bicssc |
| 072 #7 - SUBJECT CATEGORY CODE |
| Subject category code |
MED035000 |
| Source |
bisacsh |
| 080 ## - UNIVERSAL DECIMAL CLASSIFICATION NUMBER |
| Universal Decimal Classification number |
316 |
| 082 04 - DEWEY DECIMAL CLASSIFICATION NUMBER |
| Classification number |
362.1 |
| Edition number |
22 |
| 245 00 - TITLE STATEMENT |
| Title |
Care for major health problems and population health concerns |
| Medium |
[electronic resource] : |
| Remainder of title |
impacts on patients, providers and policy / |
| Statement of responsibility, etc. |
edited by Jennie Jacobs Kronenfeld. |
| 250 ## - EDITION STATEMENT |
| Edition statement |
1st ed. |
| 260 ## - PUBLICATION, DISTRIBUTION, ETC. |
| Place of publication, distribution, etc. |
Bingley, UK : |
| Name of publisher, distributor, etc. |
Emerald JAI Press, |
| Date of publication, distribution, etc. |
2008. |
| 300 ## - PHYSICAL DESCRIPTION |
| Extent |
1 online resource (x, 249 p.) : |
| Other physical details |
ill. |
| 490 1# - SERIES STATEMENT |
| Series statement |
Research in the sociology of health care, |
| International Standard Serial Number |
0275-4959 ; |
| Volume/sequential designation |
v. 26 |
| 504 ## - BIBLIOGRAPHY, ETC. NOTE |
| Bibliography, etc. note |
Includes bibliographical references. |
| 520 ## - SUMMARY, ETC. |
| Summary, etc. |
This volume contains papers dealing with macro-level system issues and micro-level issues involving provision of health care as related to major health problems or population health concerns. In the first chapter, the topic of population health is reviewed and examined, looking at relationships between social structure, including socioeconomic status, and health. A number of papers examine social, demographic and structural problems, and a wide variety of major health problems including chronic illnesses, mental illness, serious acute health problems, and disabilities that require health care. Some of the specific health problems covered include major chronic health problems such as coronary heart diseases and arthritis, as well as HIV/AIDs and other sexually transmitted diseases, obesity and how to deal with obesity, mental health concerns, poverty, homelessness and health care problems with a focus on urban contexts within the United States.The last two papers in the volume extend the focus to look at more international concerns. One paper focuses on urban slum prevalence as a key factor in shaping population level rates of social well being in developing countries, and another on medical tourism. This volume includes papers that focus on the perspectives of patients, providers, and also the relevant links with health policy. |
| 588 ## - SOURCE OF DESCRIPTION NOTE |
| Source of description note |
Description based on print version record. |
| 650 #0 - SUBJECT ADDED ENTRY--TOPICAL TERM |
| Topical term or geographic name entry element |
Medical care. |
| 650 #0 - SUBJECT ADDED ENTRY--TOPICAL TERM |
| Topical term or geographic name entry element |
Public health. |
| 650 #7 - SUBJECT ADDED ENTRY--TOPICAL TERM |
| Topical term or geographic name entry element |
Health systems & services. |
| Source of heading or term |
bicssc |
| 650 #7 - SUBJECT ADDED ENTRY--TOPICAL TERM |
| Topical term or geographic name entry element |
Medical |
| General subdivision |
Health Care Delivery. |
| Source of heading or term |
bisacsh |
| 700 1# - ADDED ENTRY--PERSONAL NAME |
| Personal name |
Kronenfeld, Jennie J. |
| 776 08 - ADDITIONAL PHYSICAL FORM ENTRY |
| Relationship information |
Print version: |
| Title |
Care for major health problems and population health concerns. |
| Edition |
1st ed. |
| Place, publisher, and date of publication |
Bingley : Emerald JAI Press, 2008 |
| International Standard Book Number |
9781848551602 |
| Record control number |
(OCoLC)244768096 |
| 830 #0 - SERIES ADDED ENTRY--UNIFORM TITLE |
| Uniform title |
Research in the sociology of health care ; |
| Volume/sequential designation |
v. 26. |
| 856 40 - ELECTRONIC LOCATION AND ACCESS |
| Uniform Resource Identifier |
<a href="https://www.emerald.com/insight/publication/doi/10.1016/S0275-4959(2008)26">https://www.emerald.com/insight/publication/doi/10.1016/S0275-4959(2008)26</a> |
| 913 ## - |
| -- |
SSbacklist |